Atala. René : (Record no. 25622)
[ view plain ]
| 000 -CABECERA | |
|---|---|
| campo de control de longitud fija | 00611nam a2200181 a 4500 |
| 001 - NÚMERO DE CONTROL | |
| campo de control | 000026130 |
| 005 - FECHA Y HORA DE LA ÚLTIMA TRANSACCIÓN | |
| campo de control | 20200930024328.0 |
| 008 - DATOS DE LONGITUD FIJA--INFORMACIÓN GENERAL | |
| campo de control de longitud fija | 110301s1970 ve r 000 f spa d |
| 040 ## - FUENTE DE LA CATALOGACIÓN | |
| Centro catalogador/agencia de origen | DO-SdBNP |
| Lengua de catalogación | spa |
| Centro/agencia transcriptor | BNPHU |
| 082 ## - NÚMERO DE LA CLASIFICACIÓN DECIMAL DEWEY | |
| Número de clasificación | nnn |
| Número de documento/Ítem | C492a |
| 049 ## - FONDOS LOCALES (OCLC) | |
| Fondos de biblioteca | BNGR |
| 100 1# - ENTRADA PRINCIPAL--NOMBRE DE PERSONA | |
| Nombre de persona | Chateaubriand, François-René, |
| Fechas asociadas al nombre | 1768-1848 |
| 9 (RLIN) | 53097 |
| 245 10 - MENCIÓN DE TÍTULO | |
| Título | Atala. René : |
| Resto del título | el último abencerraje / |
| Mención de responsabilidad, etc. | François-René Chateaubriand. |
| 260 ## - PUBLICACIÓN, DISTRIBUCIÓN, ETC. | |
| Lugar de publicación, distribución, etc. | Caracas, (Venezuela) : |
| Nombre del editor, distribuidor, etc. | Instituto Nacional de Cultura y Bellas Artes, |
| Fecha de publicación, distribución, etc. | 1970. |
| 300 ## - DESCRIPCIÓN FÍSICA | |
| Extensión | 162, [6] p. ; |
| Dimensiones | 18 cm. |
| 490 1# - MENCIÓN DE SERIE | |
| Mención de serie | Grandes autores |
| Designación de volumen o secuencia | 11 |
| 830 #0 - PUNTO DE ACCESO ADICIONAL DE SERIE-TÍTULO UNIFORME | |
| Título uniforme | Grandes autores ; |
| Designación de volumen o secuencia | 11 |
| 9 (RLIN) | 11295 |
| Estado de retiro | Estado de pérdida | Restricciones de uso | No para préstamo | Código de colección | Localización permanente | Ubicación/localización actual | Ubicación en estantería | Fecha de adquisición | Número de inventario | Total de préstamos | Signatura topográfica completa | Código de barras | Fecha visto por última vez | Precio válido a partir de | Tipo de ítem Koha |
|---|---|---|---|---|---|---|---|---|---|---|---|---|---|---|---|
| Monografías: Libros y Folletos | General | General | En catalogación | 01.03.2011 | LF1 | nnn C492a | 26130-10 | 25.06.2020 | 25.06.2020 | Préstamo en sala |
